000 01222nam a2200337 a 4500
001 000116127
003 CHAP
005 20220902172657.0
008 190913s2019 mx | |sm |||||||spa d
010 _a112588
011 _a113560
040 _cCHAP
090 _aTesis
100 1 _aHernández Pérez, Gamaliel
_9136867
245 1 0 _aSituación actual de la producción y comercialización de sorgo y maíz en el norte de Tamaulipas
_h[En línea]
_cpor Gamaliel Hernández Pérez.
260 _aChapingo, Méx. :
_bEl autor,
_c2019.
500 _aPara ver el contenido del material haga clic en la liga
502 _aTesis (Ingeniero Agroindustrial) -- UACH. Departamento de Ingeniería Agroindustrial
590 _aBATCH-UPD
_b05
_c20190913
_lUCH01
_h1520
590 _aE6337LMJ
_b05
_c20190913
_lUCH01
_h1519
590 _aE6337LMJ
_b05
_c20190913
_lUCH01
_h1520
590 _aE6337LMJ
_b05
_c20190913
_lUCH01
_h1521
650 1 4 _aMaíz
_xMercadeo.
_971007
650 1 4 _aMaíz
_xProducción.
_971041
650 1 4 _aSorgo
_xMercadeo.
_9108695
650 1 4 _aSorgo
_xProducción.
_9108709
856 _aFinding aid
_uhttp://10.13.5.2/tesis/sist116127.pdf
_zTeclea aquí
901 _aBK
942 _cTESIS
942 _n0
999 _c112588
_d112588